| 000 | 00847cam a2200217 4500 | ||
|---|---|---|---|
| 001 | L137000 | ||
| 008 | 070308s2007 xxk f 000 0 eng d | ||
| 035 | _a(Sirsi) u137000 | ||
| 041 | 0 | _aeng | |
| 050 | 0 | 4 | _a526.9823 $2 18 |
| 110 | 2 |
_aRoyal Institution of Chartered Surveyors _bGeomatics Faculty _94352 |
|
| 245 | 0 | 0 |
_aVirtually right? _bnetworked GPS |
| 260 | _c2007 | ||
| 520 | _aOutlines what the new GPS Real Time Kinetic (RTK) networks are, how you can get the best from them, when to use them and what to look out for. | ||
| 590 | _aKA | ||
| 650 | 2 | 4 | _aREAL TIME KINEMATIC GPS |
| 651 | 4 |
_aEngland and Wales _y1543- |
|
| 690 | _aENVIRONMENTAL AND LAND CONSULTANCY-GEOMATICS | ||
| 856 | 4 | 8 |
_uhttps://www.rics.org/site/download_feed.aspx?fileID=3104&fileExtension=PDF _zView the guide free of charge online at www.rics.org |
| 942 | _n0 | ||
| 999 |
_c106579 _d106579 |
||